| 000 | 00331nam a22001217a 4500 | ||
|---|---|---|---|
| 008 | 180418b xxu||||| |||| 00| 0 eng d | ||
| 041 | _aeng | ||
| 080 | _a10702 | ||
| 100 | _a0 | ||
| 101 | _aBTH | ||
| 245 |
_aORGANIZIMI I NDËRTIMIT TË FUSHËS SPORTIVE NË FSHATIN BOLEVC TË KOMUNËS SË KAMENICËS _cThaqi, Sh |
||
| 942 |
_2udc _cBK |
||
| 999 |
_c45292 _d45292 |
||